|
|
|
|
| LEADER |
00575cam a2200181 7i4500 |
| 001 |
0000029851 |
| 005 |
20130924090000.0 |
| 020 |
0 |
0 |
|a 9789675221859
|
| 090 |
0 |
0 |
|a P 634.609595
|b ZAW
|
| 100 |
1 |
0 |
|a Zawiah Ngah
|
| 245 |
1 |
0 |
|a 99 Spesies buah di FRIM.
|
| 260 |
0 |
0 |
|a Kepong, Selangor:
|b Institut Penyelidikan Perhutanan Malaysia (FRIM),
|c 2012.
|
| 300 |
# |
# |
|a 256 p.
|
| 650 |
0 |
0 |
|a Fruit --
|z Malaysia
|
| 650 |
0 |
0 |
|a Fruit --
|x identification
|
| 651 |
0 |
0 |
|a Malaysia
|
| 710 |
2 |
0 |
|a Institut Penyelidikan Perhutanan Malaysia (FRIM)
|
| 999 |
|
|
|a B000033114
|b Book
|c Products
|e Business Information Centre
|